Enciclopedia de Historia Universal / (Record no. 7548)

MARC details
000 -LEADER
campo de control de longitud fija 00857nam a2200217 i 4500
001 - NÚMERO DE CONTROL
campo de control 7548
003 - IDENTIFICADOR DE NÚMERO DE CONTROL
campo de control ES-MaACL
005 - FECHA Y HORA DE LA ÚLTIMA TRANSACCIÓN
campo de control 20230906145248.0
007 - CAMPO FIJO DE DESCRIPCIÓN FÍSICA--INFORMACIÓN GENERAL
campo de control de longitud fija t|
008 - DATOS DE LONGITUD FIJA--INFORMACIÓN GENERAL
campo de control de longitud fija 910311m19801984sp ||||1| spa d
020 ## - NÚMERO INTERNACIONAL ESTÁNDAR DEL LIBRO
Número Internacional Estándar del Libro 84-206-5296-2 (O.C.)
080 ## - NÚMERO DE LA CLASIFICACIÓN DECIMAL UNIVERSAL
Número de la Clasificación Decimal Universal 9(100)(03)
245 00 - MENCIÓN DEL TÍTULO
Título Enciclopedia de Historia Universal /
Mención de responsabilidad, etc. compilado y dirigido por William L. Langer ; version española de Carlo A. Caranci... [et al.].
260 ## - PUBLICACIÓN, DISTRIBUCIÓN, ETC.
Lugar de publicación, distribución, etc. Madrid :
Nombre del editor, distribuidor, etc. Alianza,
Fecha de publicación, distribución, etc. 1980-1984.
300 ## - DESCRIPCIÓN FÍSICA
Extensión 2 v. ;
Dimensiones 24 cm.
505 8# - NOTA DE CONTENIDO CON FORMATO
Nota de contenido con formato t. I. Desde la prehistoria hasta la Segunda Guerra Mundial -- t. II. Desde la Segunda Guerra Mundial. Apendice: El mundo en 1971-1982 / por Carlo A. Caranci
650 #4 - PUNTO DE ACCESO ADICIONAL DE MATERIA--TÉRMINO DE MATERIA
Término de materia o nombre geográfico como elemento de entrada Historia universal-
Subdivisión de forma Enciclopedias.
9 (RLIN) 13432
700 1# - ENTRADA AGREGADA--NOMBRE PERSONAL
Nombre de persona Langer, William L.
9 (RLIN) 70036
700 1# - ENTRADA AGREGADA--NOMBRE PERSONAL
Nombre de persona Caranci, Carlos.
9 (RLIN) 34949
852 ## - LOCALIZACIÓN
Ubicación ES-MaACL
Número de control de estantería L-14884-85
Sublocalización o colección R.102824
Nota libre . - tela
Holdings
Estatus retirado Estado de pérdida Estado de daño No para préstamo Colección Biblioteca de origen Biblioteca actual Ubicación en estantería Fecha de adquisición Fuente de adquisición Total de préstamos Signatura topográfica completa Código de barras Visto por última vez Precio de reemplazo Tipo de ítem Koha
        Colección de referencia Biblioteca del Ateneo de Madrid Biblioteca del Ateneo de Madrid Depósito 2 17/01/2008     L-14884-85 1007701 23/02/2023 23/02/2023 Libro impreso